MCU Villains by Picture - Statistics

General Stats
  • This quiz has been taken 533 times
  • The average score is 15 of 20
Answer Stats
Picture Answer % Correct
Loki
99%
Thanos
99%
Wanda Maximoff
97%
Green Goblin
95%
Ultron
95%
Winter Soldier
94%
Red Skull
93%
Hela
83%
Mysterio
83%
Erik Killmonger
77%
Electro
72%
Vulture
72%
Yellowjacket
65%
Whiplash
63%
Agatha Harkness
62%
Dormammu
61%
Iron Monger
55%
Gorr the God Butcher
51%
Wenwu
30%
Arthur Harrow
16%
No matching quizzes found
Score Distribution
Percent of People with Each Score
Percentile by Number Answered
Your Score History
You have not taken this quiz